Welcome to CU Library Online Public Access Catalogue (OPAC)

Torts and Compensation: Personal Accountability and Social Responsibility for Injury (Record no. 4697)

MARC details
000 -LEADER
fixed length control field 00533nam a22001697a 4500
005 - DATE AND TIME OF LATEST TRANSACTION
control field 20250311213317.0
008 - FIXED-LENGTH DATA ELEMENTS--GENERAL INFORMATION
fixed length control field 250311b |||||||| |||| 00| 0 eng d
050 ## - LIBRARY OF CONGRESS CALL NUMBER
Classification number KF1249
Item number .D6 1997
100 ## - MAIN ENTRY--PERSONAL NAME
Personal name Dobbs, Dan B.
245 ## - TITLE STATEMENT
Title Torts and Compensation: Personal Accountability and Social Responsibility for Injury
Statement of responsibility, etc. Dobbs, Dan B.
250 ## - EDITION STATEMENT
Edition statement 3rd ed.
260 ## - PUBLICATION, DISTRIBUTION, ETC.
Place of publication, distribution, etc. St. Paul ;
Name of publisher, distributor, etc. West Publishing Co.
Date of publication, distribution, etc. c1997
300 ## - PHYSICAL DESCRIPTION
Extent xliv, 1023 ;
500 ## - GENERAL NOTE
General note includes Table of Cases and index
700 ## - ADDED ENTRY--PERSONAL NAME
Personal name Hayden, Paul T.
942 ## - ADDED ENTRY ELEMENTS (KOHA)
Source of classification or shelving scheme Library of Congress Classification
Koha item type Books
Suppress in OPAC No
999 ## -
-- 4697
-- 4697
Holdings
Withdrawn status Lost status Source of classification or shelving scheme Damaged status Not for loan Collection Home library Current library Shelving location Date acquired Total checkouts Full call number Barcode Date last seen Copy number Price effective from Koha item type
    Library of Congress Classification     Non-fiction Law Library (Christ Temple) Law Library (Christ Temple) General stacks 03/11/2025   KF1249.D6 DOB LLCT00000293 03/11/2025 1 03/11/2025 Books
© 2023-2024 Copyright: Central University Libraries. All Rights Reserved | Created by: Mahone Tech Office